| 000 | 01149nam a22003371c 4500 | ||
|---|---|---|---|
| 001 | 898363098 | ||
| 008 | 180531s2017 gw |||| 000u eng d | ||
| 020 |
_a9781351614306 _9978-1-351-61430-6 |
||
| 041 | _aeng | ||
| 245 | 0 | 0 |
_aImperial Spheres and the Adriatic : _bByzantium, the Carolingians and the Treaty of Aachen (812) |
| 250 | _a1st ed | ||
| 264 |
_aLondon : _bRoutledge, _c2017 |
||
| 300 | _a1 Online-Ressource (366 pages) | ||
| 336 |
_aText _btxt _2rdacontent |
||
| 337 |
_aComputermedien _bc _2rdamedia |
||
| 338 |
_aOnline-Ressource _bcr _2rdacarrier |
||
| 500 | _aE-Book-ProQuest / Fernzugriff nach Registrierung möglich | ||
| 650 | 0 | _aByzantinisches Reich | |
| 650 | 0 | _aFränkisches Reich | |
| 650 | 0 | _aFrieden von Aachen 812 | |
| 650 | 0 | _aAußenpolitik | |
| 651 | 0 | _aSüdosteuropa | |
| 655 | 0 | _aFernzugriff | |
| 700 | 1 |
_aAnčić, Mladen _eHerausgeberIn |
|
| 700 | 1 |
_aShepard, Jonathan _eHerausgeberIn |
|
| 700 | 1 |
_aVedriš, Trpimir _eHerausgeberIn |
|
| 856 | 4 | _uhttps://ebookcentral.proquest.com/lib/maxweberstiftung-ebooks/detail.action?docID=5046721 | |
| 942 | _cEB | ||
| 040 | _cRU-10907106 | ||
| 003 | RU-10907106 | ||
| 999 |
_c49688 _d49688 |
||